<?xml version="1.0" encoding="UTF-8"?>
<record
    xmlns:xsi="http://www.w3.org/2001/XMLSchema-instance"
    xsi:schemaLocation="http://www.loc.gov/MARC21/slim http://www.loc.gov/standards/marcxml/schema/MARC21slim.xsd"
    xmlns="http://www.loc.gov/MARC21/slim">

  <leader>00857nam a22002057a 4500</leader>
  <datafield tag="952" ind1=" " ind2=" ">
    <subfield code="0">0</subfield>
    <subfield code="1">0</subfield>
    <subfield code="4">0</subfield>
    <subfield code="7">0</subfield>
    <subfield code="a">18</subfield>
    <subfield code="b">18</subfield>
    <subfield code="d">2016-08-22</subfield>
    <subfield code="l">2</subfield>
    <subfield code="o">TX749 T4818</subfield>
    <subfield code="p">18 003523</subfield>
    <subfield code="r">2020-02-29</subfield>
    <subfield code="s">2020-02-29</subfield>
    <subfield code="t">1</subfield>
    <subfield code="w">2016-08-22</subfield>
    <subfield code="y">LB</subfield>
  </datafield>
  <datafield tag="999" ind1=" " ind2=" ">
    <subfield code="c">100711</subfield>
    <subfield code="d">100711</subfield>
  </datafield>
  <controlfield tag="008">160822n        sp a|||fr|||| 00| 0 spa d</controlfield>
  <datafield tag="020" ind1=" " ind2=" ">
    <subfield code="a">9788444100562</subfield>
  </datafield>
  <datafield tag="050" ind1="0" ind2="4">
    <subfield code="a">TX749</subfield>
    <subfield code="b">T4818</subfield>
  </datafield>
  <datafield tag="100" ind1="1" ind2=" ">
    <subfield code="a">Teubner, Christian</subfield>
    <subfield code="e">autor</subfield>
  </datafield>
  <datafield tag="245" ind1="1" ind2="3">
    <subfield code="a">La gran cocina de la carne</subfield>
    <subfield code="c"> / Christian Teubner, Sybil Gr&#xE4;fin Sch&#xF6;nfeldt, Werner Frey; traducci&#xF3;n de Jes&#xFA;s P&#xE9;rez Garc&#xED;a</subfield>
  </datafield>
  <datafield tag="260" ind1="3" ind2=" ">
    <subfield code="a">Espa&#xF1;a</subfield>
    <subfield code="b"> : Everest</subfield>
  </datafield>
  <datafield tag="300" ind1=" " ind2=" ">
    <subfield code="a">144 p&#xE1;ginas</subfield>
    <subfield code="b">: ilustrado</subfield>
  </datafield>
  <datafield tag="505" ind1=" " ind2=" ">
    <subfield code="a">Aspectos hist&#xF3;ricos
Enciclopedia: la calidad de la carne
Fondos, sopas y salsas
Fritas o la plancha
A la parrilla
Los grandes asados
Estofados
Platos fr&#xED;os</subfield>
  </datafield>
  <datafield tag="519" ind1=" " ind2=" ">
    <subfield code="a">Material Complementario / </subfield>
    <subfield code="d">(18 003523)</subfield>
  </datafield>
  <datafield tag="650" ind1="1" ind2="4">
    <subfield code="a">COCINA (CARNE)</subfield>
    <subfield code="x">RECETAS</subfield>
  </datafield>
  <datafield tag="700" ind1="1" ind2=" ">
    <subfield code="a">Gr&#xE4;fin Sch&#xF6;nfeldt, Sybil</subfield>
    <subfield code="e">autor</subfield>
  </datafield>
  <datafield tag="700" ind1="1" ind2=" ">
    <subfield code="a">Frey, Warner</subfield>
    <subfield code="e">autor</subfield>
  </datafield>
  <datafield tag="700" ind1="1" ind2=" ">
    <subfield code="a">P&#xE9;rez Garc&#xED;a, Jes&#xFA;s</subfield>
    <subfield code="e">traductor</subfield>
  </datafield>
  <datafield tag="942" ind1=" " ind2=" ">
    <subfield code="c">LB</subfield>
  </datafield>
</record>
